01084 a2200205 4500003000500000005001700005040000900022082001400031100002700045245008600072250001300158260003600171300001000207505031400217651002200531942002300553999001900576952014300595952014000738Nust20230126095116.0 cNust a420.4,IDR aIdrees Muhmmad9107712 aComplete Guide For GAT General Test : bGRE ( General Local) / cMuhammad Idrees  aUpdated  aLohorebDogar Bratherc201-2011 a502p; aPart I: GAT and scholarship schemes (Page-5), Part II: Diagnostic test (Page-43), Part III: Vocabulary Building Techniques (Page-85), Part IV: Verbal Ability (Page-157), Part V: Quantitative Ability (Page-276), Analytical Ability (Page-371), Part VII: Practice Test (Page-447), Part VIII: Appendix (Page-493). aGAtT Test9107713 2ddccBKk420.4,IDR c198647d198647 00102ddc4070aMCSbMCScGENd2016-12-12l4m1o420.4,IDRpMCS36861r2025-12-30s2025-10-21w2016-12-12yBKzAlmirah No. 54, Shelf No. 6 00102ddc4070aMCSbMCScGENd2023-01-26l1o420.4,IDRpMCS37183r2025-04-18s2025-04-09w2023-01-26yBKzAlmirah No. 54, Shelf No. 6